<?xml version="1.0" encoding="UTF-8"?>
<record
    xmlns:xsi="http://www.w3.org/2001/XMLSchema-instance"
    xsi:schemaLocation="http://www.loc.gov/MARC21/slim http://www.loc.gov/standards/marcxml/schema/MARC21slim.xsd"
    xmlns="http://www.loc.gov/MARC21/slim">

  <leader>00543nam a22001817a 4500</leader>
  <controlfield tag="005">20241215133842.0</controlfield>
  <controlfield tag="008">241215b        |||||||| |||| 00| 0 eng d</controlfield>
  <datafield tag="020" ind1=" " ind2=" ">
    <subfield code="a">9780323022422</subfield>
  </datafield>
  <datafield tag="050" ind1=" " ind2=" ">
    <subfield code="a">QP34.5 </subfield>
    <subfield code="b">.T5</subfield>
  </datafield>
  <datafield tag="100" ind1=" " ind2=" ">
    <subfield code="a">Thibodeau, Gary A.</subfield>
  </datafield>
  <datafield tag="245" ind1=" " ind2=" ">
    <subfield code="a">Structure and Function of the Body/</subfield>
    <subfield code="c">Gary A. Thibodeau &amp; Kevin T. Patton</subfield>
  </datafield>
  <datafield tag="250" ind1=" " ind2=" ">
    <subfield code="a">12th ed.</subfield>
  </datafield>
  <datafield tag="260" ind1=" " ind2=" ">
    <subfield code="a">St. Louis</subfield>
    <subfield code="b">Mosby</subfield>
    <subfield code="c">2004</subfield>
  </datafield>
  <datafield tag="300" ind1=" " ind2=" ">
    <subfield code="a">xv. various paging</subfield>
    <subfield code="b">ill. some color</subfield>
    <subfield code="c">25.5cm</subfield>
  </datafield>
  <datafield tag="500" ind1=" " ind2=" ">
    <subfield code="a">includes index</subfield>
  </datafield>
  <datafield tag="700" ind1=" " ind2=" ">
    <subfield code="a">Patton, Kevin T.</subfield>
  </datafield>
  <datafield tag="942" ind1=" " ind2=" ">
    <subfield code="2">lcc</subfield>
    <subfield code="c">BK</subfield>
    <subfield code="e">12th ed.</subfield>
    <subfield code="n">0</subfield>
  </datafield>
  <datafield tag="999" ind1=" " ind2=" ">
    <subfield code="c">2267</subfield>
    <subfield code="d">2267</subfield>
  </datafield>
  <datafield tag="952" ind1=" " ind2=" ">
    <subfield code="0">0</subfield>
    <subfield code="1">0</subfield>
    <subfield code="2">lcc</subfield>
    <subfield code="4">0</subfield>
    <subfield code="7">0</subfield>
    <subfield code="8">NFIC</subfield>
    <subfield code="a">MSL</subfield>
    <subfield code="b">MSL</subfield>
    <subfield code="c">GEN</subfield>
    <subfield code="d">2024-12-15</subfield>
    <subfield code="l">0</subfield>
    <subfield code="o">QP34.5 .T5 THI</subfield>
    <subfield code="p">SLM00001544</subfield>
    <subfield code="r">2024-12-15 13:39:37</subfield>
    <subfield code="t">1</subfield>
    <subfield code="w">2024-12-15</subfield>
    <subfield code="y">BK</subfield>
  </datafield>
  <datafield tag="952" ind1=" " ind2=" ">
    <subfield code="0">0</subfield>
    <subfield code="1">0</subfield>
    <subfield code="2">lcc</subfield>
    <subfield code="4">0</subfield>
    <subfield code="7">0</subfield>
    <subfield code="8">NFIC</subfield>
    <subfield code="a">MSL</subfield>
    <subfield code="b">MSL</subfield>
    <subfield code="c">GEN</subfield>
    <subfield code="d">2024-12-15</subfield>
    <subfield code="l">0</subfield>
    <subfield code="o">QP34.5 .T5 THI</subfield>
    <subfield code="p">SLM00001545</subfield>
    <subfield code="r">2024-12-15 13:39:37</subfield>
    <subfield code="t">2</subfield>
    <subfield code="w">2024-12-15</subfield>
    <subfield code="y">BK</subfield>
  </datafield>
  <datafield tag="952" ind1=" " ind2=" ">
    <subfield code="0">0</subfield>
    <subfield code="1">0</subfield>
    <subfield code="2">lcc</subfield>
    <subfield code="4">0</subfield>
    <subfield code="7">0</subfield>
    <subfield code="8">NFIC</subfield>
    <subfield code="a">MSL</subfield>
    <subfield code="b">MSL</subfield>
    <subfield code="c">GEN</subfield>
    <subfield code="d">2024-12-15</subfield>
    <subfield code="l">0</subfield>
    <subfield code="o">QP34.5 .T5 THI</subfield>
    <subfield code="p">SLM00001546</subfield>
    <subfield code="r">2024-12-15 13:39:37</subfield>
    <subfield code="t">3</subfield>
    <subfield code="w">2024-12-15</subfield>
    <subfield code="y">BK</subfield>
  </datafield>
  <datafield tag="952" ind1=" " ind2=" ">
    <subfield code="0">0</subfield>
    <subfield code="1">0</subfield>
    <subfield code="2">lcc</subfield>
    <subfield code="4">0</subfield>
    <subfield code="7">0</subfield>
    <subfield code="8">NFIC</subfield>
    <subfield code="a">MSL</subfield>
    <subfield code="b">MSL</subfield>
    <subfield code="c">GEN</subfield>
    <subfield code="d">2024-12-15</subfield>
    <subfield code="l">0</subfield>
    <subfield code="o">QP34.5 .T5 THI</subfield>
    <subfield code="p">SLM00001547</subfield>
    <subfield code="r">2024-12-15 13:39:37</subfield>
    <subfield code="t">4</subfield>
    <subfield code="w">2024-12-15</subfield>
    <subfield code="y">BK</subfield>
  </datafield>
  <datafield tag="952" ind1=" " ind2=" ">
    <subfield code="0">0</subfield>
    <subfield code="1">0</subfield>
    <subfield code="2">lcc</subfield>
    <subfield code="4">0</subfield>
    <subfield code="7">0</subfield>
    <subfield code="8">NFIC</subfield>
    <subfield code="a">MSL</subfield>
    <subfield code="b">MSL</subfield>
    <subfield code="c">GEN</subfield>
    <subfield code="d">2024-12-15</subfield>
    <subfield code="l">0</subfield>
    <subfield code="o">QP34.5 .T5 THI</subfield>
    <subfield code="p">SLM00001548</subfield>
    <subfield code="r">2024-12-15 13:39:37</subfield>
    <subfield code="t">5</subfield>
    <subfield code="w">2024-12-15</subfield>
    <subfield code="y">BK</subfield>
  </datafield>
</record>
